Nguyên lý các hệ cơ sở dữ liệu và cơ sở tri thức
Nội dung sách giới thiệu về logic, tổ hợp ước lượng logic từ trên xuống và từ dưới lên. Tối ưu hóa các cấu vấn tin hội, tối ưu hóa các đệ quy tuyến tính, một số hệ cơ sở tri thức thử nghiệm......
Gespeichert in:
| 1. Verfasser: | |
|---|---|
| Format: | Buch |
| Sprache: | Undetermined |
| Veröffentlicht: |
Hà Nội
Thống kê
2000
|
| Schlagworte: | |
| Tags: |
Tag hinzufügen
nl
1
|
| Thư viện lưu trữ: | Trung tâm Học liệu Trường Đại học Cần Thơ |
|---|
| LEADER | 01007nam a2200193Ia 4500 | ||
|---|---|---|---|
| 001 | CTU_43358 | ||
| 008 | 210402s9999 xx 000 0 und d | ||
| 082 | |a 519.7 | ||
| 082 | |b U42/T.3 | ||
| 100 | |a Ullman, Jeffrey D. | ||
| 245 | 0 | |a Nguyên lý các hệ cơ sở dữ liệu và cơ sở tri thức | |
| 245 | 0 | |c Jeffrey D. Ullman ; Trần Đức Quang (dịch) | |
| 260 | |a Hà Nội | ||
| 260 | |b Thống kê | ||
| 260 | |c 2000 | ||
| 520 | |a Nội dung sách giới thiệu về logic, tổ hợp ước lượng logic từ trên xuống và từ dưới lên. Tối ưu hóa các cấu vấn tin hội, tối ưu hóa các đệ quy tuyến tính, một số hệ cơ sở tri thức thử nghiệm... | ||
| 650 | |a Hệ điều hành (máy tính),Programming (mathematics) | ||
| 650 | |x Chương trình máy tính,Computer programs | ||
| 980 | |a Trung tâm Học liệu Trường Đại học Cần Thơ | ||